<?xml version="1.0" encoding="UTF-8"?>
<collection xmlns="http://www.loc.gov/MARC21/slim">
<record>
  <controlfield tag="001">3549</controlfield>
  <controlfield tag="005">20200904191428.0</controlfield>
  <datafield tag="024" ind1="7" ind2=" ">
    <subfield code="a">10.1029/2019JA026743 </subfield>
    <subfield code="2">DOI</subfield>
  </datafield>
  <datafield tag="037" ind1=" " ind2=" ">
    <subfield code="a">SCART-2018-0051</subfield>
  </datafield>
  <datafield tag="100" ind1=" " ind2=" ">
    <subfield code="a">Katsavrias, Ch </subfield>
  </datafield>
  <datafield tag="245" ind1=" " ind2=" ">
    <subfield code="a">Highly relativistic electron flux enhancement during the weak geomagnetic storm of April–May 2017</subfield>
  </datafield>
  <datafield tag="260" ind1=" " ind2=" ">
    <subfield code="c">2019</subfield>
  </datafield>
  <datafield tag="520" ind1=" " ind2=" ">
    <subfield code="a">We report observations of energetic electron flux and Phase Space Density (PSD) to show that a relatively weak magnetic storm with Sym − Hmin ≈ −50nT, resulted in a relativistic and ultra–relativistic electron enhancement of two orders of magnitude similar to the St.Patrick’s event of 2015, an extreme storm with Sym − Hmin ≈ −235nT. This enhancement appeared at energies up to ≈ 8 MeV, lasted for at least 24 days and was not recorded in geosynchronous orbit where most space weather alert data are collected. By analyzing radial profiles of PSD we show that the enhancement of relativistic and ultra–relativistic electrons is caused by different mechanisms: first, chorus waves during the intense substorm injections of April 21–25 accelerate the seed electron population to relativistic energies and redistribute them while inward diffusion driven by Pc5 ULF waves further accelerates them to ultra–relativistic energies.</subfield>
  </datafield>
  <datafield tag="594" ind1=" " ind2=" ">
    <subfield code="a">STCE</subfield>
  </datafield>
  <datafield tag="653" ind1="1" ind2=" ">
    <subfield code="a">Long–lasting multi–MeV electron enhancement during a period of a relatively weak</subfield>
  </datafield>
  <datafield tag="653" ind1="1" ind2=" ">
    <subfield code="a">geomagnetic storm.</subfield>
  </datafield>
  <datafield tag="653" ind1="1" ind2=" ">
    <subfield code="a">Electron seed population was accelerated to relativistic energies by the enhanced chorus waves.</subfield>
  </datafield>
  <datafield tag="653" ind1="1" ind2=" ">
    <subfield code="a">Relativistic electrons were further accelerated up to 8 MeV by inward diffusion.</subfield>
  </datafield>
  <datafield tag="700" ind1=" " ind2=" ">
    <subfield code="a">Sandberg, I</subfield>
  </datafield>
  <datafield tag="700" ind1=" " ind2=" ">
    <subfield code="a">Li, W</subfield>
  </datafield>
  <datafield tag="700" ind1=" " ind2=" ">
    <subfield code="a">Podladchikova, 0</subfield>
  </datafield>
  <datafield tag="700" ind1=" " ind2=" ">
    <subfield code="a">Daglis, I</subfield>
  </datafield>
  <datafield tag="700" ind1=" " ind2=" ">
    <subfield code="a">Papadimitriou, C </subfield>
  </datafield>
  <datafield tag="700" ind1=" " ind2=" ">
    <subfield code="a">Aminalragia-Giamini, S</subfield>
  </datafield>
  <datafield tag="773" ind1=" " ind2=" ">
    <subfield code="p">Journal Geophysical Research</subfield>
    <subfield code="v">Volume 124</subfield>
    <subfield code="n">Issue 6</subfield>
    <subfield code="c">p 4402-4413</subfield>
  </datafield>
  <datafield tag="856" ind1="0" ind2=" ">
    <subfield code="f">elena.podladchikova@observatoire.be</subfield>
  </datafield>
  <datafield tag="856" ind1="4" ind2="2">
    <subfield code="a">https://doi.org/10.1029/2019JA026743 </subfield>
  </datafield>
  <datafield tag="905" ind1=" " ind2=" ">
    <subfield code="a">published in</subfield>
  </datafield>
  <datafield tag="980" ind1=" " ind2=" ">
    <subfield code="a">REFERD</subfield>
  </datafield>
</record>
</collection>